RURAL MIGRATION IN DEVELOPING NATIONS (Record no. 9434)

MARC details
000 -LEADER
fixed length control field 01385cam a2200397 a 4500
001 - CONTROL NUMBER
control field 2337887
003 - CONTROL NUMBER IDENTIFIER
control field OSt
005 - DATE AND TIME OF LATEST TRANSACTION
control field 20260430093908.0
008 - FIXED-LENGTH DATA ELEMENTS--GENERAL INFORMATION
fixed length control field 820401s1980 at a b 000 0 eng
010 ## - LIBRARY OF CONGRESS CONTROL NUMBER
LC control number 82138251
020 ## - INTERNATIONAL STANDARD BOOK NUMBER
International Standard Book Number 0865318328
Qualifying information pbk.
020 ## - INTERNATIONAL STANDARD BOOK NUMBER
International Standard Book Number 9780909150235
Qualifying information (pbk.)
035 ## - SYSTEM CONTROL NUMBER
System control number 2337887
035 ## - SYSTEM CONTROL NUMBER
System control number (DLC) 82138251
040 ## - CATALOGING SOURCE
Original cataloging agency DLC
Transcribing agency IRDP
Modifying agency DLC
043 ## - GEOGRAPHIC AREA CODE
Geographic area code po-----
050 00 - LIBRARY OF CONGRESS CALL NUMBER
Classification number HN930.7.Z9
Item number C62 1980
082 00 - DEWEY DECIMAL CLASSIFICATION NUMBER
Classification number 304.8 RUR
Edition number 19
100 1# - MAIN ENTRY--PERSONAL NAME
Personal name EDITED BY GOLDSCHELDER,CALVIN
Dates associated with a name 1946-
245 10 - TITLE STATEMENT
Title RURAL MIGRATION IN DEVELOPING NATIONS
Remainder of title COMPARATIVE STUDIES OF KORA, SRI LANKA AND MALI
Statement of responsibility, etc. EDITED BY CALVIN GOLDSCHELDER
260 ## - PUBLICATION, DISTRIBUTION, ETC. (IMPRINT)
Place of publication, distribution, etc. LONDON:
Name of publisher, distributor, etc. WESTVIEW PRESS
Date of publication, distribution, etc. c1984.
300 ## - PHYSICAL DESCRIPTION
Extent iii, 66 p. :
Other physical details ill. ;
Dimensions 30 cm.
336 ## - CONTENT TYPE
Content type term text
Content type code txt
Source rdacontent
337 ## - MEDIA TYPE
Media type term unmediated
Media type code n
Source rdamedia
338 ## - CARRIER TYPE
Carrier type term volume
Carrier type code nc
Source rdacarrier
490 1# - SERIES STATEMENT
Series statement Occasional paper,
International Standard Serial Number 0313-637X ;
Volume/sequential designation no. 22
504 ## - BIBLIOGRAPHY, ETC. NOTE
Bibliography, etc Bibliography: p. 52-62.
650 #0 - SUBJECT ADDED ENTRY--TOPICAL TERM
Topical term or geographic name as entry element Rural development
Geographic subdivision Oceania.
650 #0 - SUBJECT ADDED ENTRY--TOPICAL TERM
Topical term or geographic name as entry element Emigrant remittances
Geographic subdivision Oceania.
651 #0 - SUBJECT ADDED ENTRY--GEOGRAPHIC NAME
Geographic name Oceania
General subdivision Rural conditions.
651 #0 - SUBJECT ADDED ENTRY--GEOGRAPHIC NAME
Geographic name Oceania
General subdivision Emigration and immigration.
830 #0 - SERIES ADDED ENTRY--UNIFORM TITLE
Uniform title Occasional paper (Australian National University. Development Centre) ;
Volume number/sequential designation no. 22.
906 ## - LOCAL DATA ELEMENT F, LDF (RLIN)
a 7
b cbc
c orignew
d 3
e ncip
f 19
g y-gencatlg
942 ## - ADDED ENTRY ELEMENTS (KOHA)
Source of classification or shelving scheme Dewey Decimal Classification
Koha item type BOOKS
Holdings
Withdrawn status Lost status Source of classification or shelving scheme Damaged status Not for loan Home library Current library Date acquired Total Checkouts Full call number Barcode Date last seen Price effective from Koha item type
    Dewey Decimal Classification     Dodoma Dodoma 30/04/2026   304.8 RUR LIB001893 30/04/2026 30/04/2026 BOOKS

IRDP © 2021 :: Managed by ICT Team